[Event "4NCL Division 4 South"]
[Site "Bedford, ENG"]
[Date "2019.01.13"]
[Round "4.101"]
[White "Ogunshola, Ben"]
[Black "Finn, Thomas"]
[Result "1-0"]
[WhiteElo "2187"]
[BlackElo "1945"]
[PlyCount "89"]
[EventDate "2019.01.13"]
[WhiteTeam "The Pitstop"]
[BlackTeam "Sussex Martlets 3"]

1. c4 c5 2. g3 g6 3. Bg2 Bg7 4. Nc3 Nc6 5. d3 d6 6. Rb1 e6 7. e4 Nge7 8. Nge2
Rb8 9. Bg5 h6 10. Be3 a6 11. d4 cxd4 12. Nxd4 O-O 13. O-O Ne5 14. b3 Qc7 15.
Rc1 Rd8 16. h3 N7c6 17. Qd2 Kh7 18. Nde2 Qe7 19. Bb6 Rg8 20. Rfd1 Bf8 21. f4
Nd7 22. Bc7 Ra8 23. Bxd6 Qe8 24. e5 Bg7 25. Ne4 f6 26. Bc7 fxe5 27. Nd6 Qe7 28.
Nxc8 Raxc8 29. Bd6 Qe8 30. Qe3 exf4 31. Qxf4 Be5 32. Qe3 Qf7 33. Bxc6 Bxd6 34.
Rxd6 Rxc6 35. Rxc6 bxc6 36. Nd4 e5 37. Nxc6 Qe6 38. Nb4 a5 39. Nd5 Qxh3 40. Rf1
Qe6 41. Qa7 Rg7 42. Qxa5 e4 43. Qc3 Nb6 44. Nf6+ Kh8 45. Qd2 1-0

[Event "4NCL Division 4 South"]
[Site "Bedford, ENG"]
[Date "2019.01.13"]
[Round "4.102"]
[White "Michaud, Gerald"]
[Black "Froom, Oliver"]
[Result "1/2-1/2"]
[WhiteElo "1900"]
[BlackElo "1954"]
[PlyCount "138"]
[EventDate "2019.01.13"]
[WhiteTeam "Sussex Martlets 3"]
[BlackTeam "The Pitstop"]

1. d4 Nf6 2. c4 e6 3. Nc3 d5 4. Bg5 Be7 5. Nf3 O-O 6. e3 h6 7. Bh4 b6 8. cxd5
Nxd5 9. Bxe7 Qxe7 10. Nxd5 exd5 11. Bd3 Be6 12. O-O Nd7 13. Rc1 c5 14. Bb5 Rfc8
15. Bxd7 Qxd7 16. Qd2 c4 17. Ne5 Qd6 18. f4 f6 19. Ng6 Bf5 20. Nh4 Be4 21. f5
b5 22. Rf4 b4 23. Qe2 c3 24. bxc3 Rxc3 25. Rxc3 bxc3 26. Rxe4 dxe4 27. Qc4+ Kh7
28. Qxc3 Rb8 29. g3 Rb1+ 30. Kg2 Qb4 31. Qc8 Qb5 32. Kh3 h5 33. Ng6 Qb8 34. Qe6
Qg8 35. Qxe4 Rb5 36. Qf3 Qe8 37. Qxh5+ Kg8 38. Qh8+ Kf7 39. Qh5 Qxe3 40. Ne5+
Kg8 41. Qe8+ Kh7 42. Qxb5 Qh6+ 43. Kg2 Qd2+ 44. Kf1 fxe5 45. Qxe5 Qxa2 46. g4
Qb1+ 47. Kg2 Qb2+ 48. Kg3 Qc3+ 49. Kf2 Qd2+ 50. Kf3 Qd1+ 51. Kf4 Qc1+ 52. Kg3
Qg1+ 53. Kf3 Qd1+ 54. Kf4 Qc1+ 55. Ke4 Qb1+ 56. Kd5 Qb5+ 57. Kd6 Qb6+ 58. Kd7
Qb7+ 59. Qc7 Qd5+ 60. Qd6 Qb7+ 61. Ke8 Qc8+ 62. Kf7 Qb7+ 63. Ke8 Qc8+ 64. Qd8
Qc6+ 65. Qd7 Qe4+ 66. Qe6 Qxd4 67. Qg6+ Kh8 68. Qh5+ Kg8 69. Qf7+ Kh8 1/2-1/2

[Event "4NCL Division 4 South"]
[Site "Bedford, ENG"]
[Date "2019.01.13"]
[Round "4.103"]
[White "Olufemi, George"]
[Black "Sutton, Daniel"]
[Result "0-1"]
[WhiteElo "1776"]
[BlackElo "1864"]
[PlyCount "58"]
[EventDate "2019.01.13"]
[WhiteTeam "The Pitstop"]
[BlackTeam "Sussex Martlets 3"]

1. e4 e5 2. Nf3 Nc6 3. d4 exd4 4. Bc4 Bc5 5. c3 Nf6 6. e5 d5 7. exf6 dxc4 8.
Qe2+ Be6 9. fxg7 Rg8 10. Ng5 Qe7 11. Ne4 Rxg7 12. b4 Bb6 13. b5 Ne5 14. Ba3
Nd3+ 15. Kd1 Qh4 16. Rf1 O-O-O 17. g3 Qh6 18. h4 dxc3 19. Kc2 Bf5 20. Nbxc3 Ba5
21. Rad1 Rgg8 22. Qe3 Qe6 23. f3 Bxc3 24. Kxc3 Qe5+ 25. Kc2 Kb8 26. Rb1 Rxg3
27. Qe2 Bxe4 28. fxe4 Ne1+ 29. Rfxe1 Qc3# 0-1

[Event "4NCL Division 4 South"]
[Site "Bedford, ENG"]
[Date "2019.01.13"]
[Round "4.104"]
[White "Finn, Daniel"]
[Black "Homer, Neil S"]
[Result "1-0"]
[WhiteElo "1810"]
[BlackElo "1707"]
[PlyCount "83"]
[EventDate "2019.01.13"]
[WhiteTeam "Sussex Martlets 3"]
[BlackTeam "The Pitstop"]

1. d4 d5 2. c4 e6 3. Nc3 c5 4. e3 Nf6 5. Nf3 Nc6 6. Be2 Be7 7. O-O O-O 8. Re1
a6 9. b3 cxd4 10. exd4 Bb4 11. Bb2 Qa5 12. Qc2 Ne4 13. Rac1 Rd8 14. cxd5 exd5
15. Bd3 Bf5 16. Re2 Nxc3 17. Bxc3 Bxd3 18. Qxd3 Bxc3 19. Qxc3 Qxc3 20. Rxc3 Re8
21. Rce3 Rxe3 22. fxe3 Re8 23. Kf2 f6 24. Rc2 Re7 25. Ne1 Re6 26. Nd3 b6 27.
Nf4 Rd6 28. Nxd5 Rxd5 29. Rxc6 Ra5 30. a4 Rf5+ 31. Kg1 b5 32. Rxa6 bxa4 33.
bxa4 Rd5 34. Ra7 h6 35. a5 Kh7 36. a6 Kg6 37. Rc7 f5 38. a7 Ra5 39. d5 Kf6 40.
d6 Ke6 41. d7 Ke7 42. Rc8 1-0

[Event "4NCL Division 4 South"]
[Site "Bedford, ENG"]
[Date "2019.01.13"]
[Round "4.105"]
[White "Sloan, Hamish"]
[Black "Woods, Timothy J"]
[Result "1/2-1/2"]
[WhiteElo "1518"]
[BlackElo "1697"]
[PlyCount "50"]
[EventDate "2019.01.13"]
[WhiteTeam "The Pitstop"]
[BlackTeam "Sussex Martlets 3"]

1. e4 d6 2. d4 Nf6 3. Nc3 g6 4. Be3 c6 5. h3 Nbd7 6. Nf3 Bg7 7. Be2 O-O 8. O-O
Qc7 9. Qd2 b5 10. b4 a5 11. a3 Re8 12. Bh6 e5 13. Bxg7 Kxg7 14. Bd3 Qb6 15.
dxe5 dxe5 16. Rfe1 Qc7 17. Qe3 Nf8 18. Nd2 Ne6 19. Nb3 axb4 20. axb4 Rxa1 21.
Rxa1 Qe7 22. Nc5 Nxc5 23. Qxc5 Qxc5 24. bxc5 Nd7 25. Nxb5 Nxc5 1/2-1/2

[Event "4NCL Division 4 South"]
[Site "Bedford, ENG"]
[Date "2019.01.13"]
[Round "4.106"]
[White "Kolani, Arjun"]
[Black "Fernando, Manel"]
[Result "1-0"]
[WhiteElo "1533"]
[BlackElo "1515"]
[PlyCount "65"]
[EventDate "2019.01.13"]
[WhiteTeam "Sussex Martlets 3"]
[BlackTeam "The Pitstop"]

1. e4 e5 2. Nf3 Nc6 3. Bc4 Be7 4. d4 exd4 5. c3 d6 6. cxd4 Bg4 7. Qb3 Bxf3 8.
Bxf7+ Kf8 9. Bxg8 Rxg8 10. Qxf3+ Bf6 11. Be3 Qe7 12. Nc3 Qf7 13. Rd1 a6 14. O-O
h6 15. Nd5 Rh8 16. Nxf6 gxf6 17. d5 Ne5 18. Qf5 Re8 19. f4 Ng6 20. Bd4 Nh4 21.
Qxf6 Rh7 22. Qxh4 Rxe4 23. Rfe1 Re7 24. Rxe7 Qxe7 25. Qxe7+ Rxe7 26. Kf2 Kf7
27. Re1 Rd7 28. Re6 c5 29. dxc6 bxc6 30. Rxh6 c5 31. Rh7+ Ke8 32. Rxd7 Kxd7 33.
Bc3 1-0

[Event "4NCL Division 4 South"]
[Site "Bedford, ENG"]
[Date "2019.01.13"]
[Round "4.111"]
[White "Tselos, Aristotelis"]
[Black "Pedersen, Carsten"]
[Result "0-1"]
[WhiteElo "1817"]
[BlackElo "2117"]
[PlyCount "102"]
[EventDate "2019.01.13"]
[WhiteTeam "Oxford 4"]
[BlackTeam "Celtic Tigers 2"]

1. e4 e6 2. d4 d5 3. exd5 exd5 4. Nf3 Bg4 5. h3 Bh5 6. Be2 Nf6 7. Bg5 Be7 8.
O-O O-O 9. Re1 Re8 10. Ne5 Bxe2 11. Qxe2 c6 12. Nc3 Nbd7 13. Nxd7 Qxd7 14. Bxf6
Bxf6 15. Qd3 Qd6 16. a3 g6 17. Re3 Bg5 18. Re2 Re6 19. Rae1 Rae8 20. Nd1 Rxe2
21. Rxe2 Re6 22. Ne3 h5 23. c4 dxc4 24. Nxc4 Qd5 25. Rxe6 Qxe6 26. Ne5 Kg7 27.
Qc4 Qxc4 28. Nxc4 Bf6 29. Na5 Bxd4 30. b3 Bb6 31. Nxb7 Kf6 32. Nd6 Ke6 33. Ne4
Ke5 34. Ng5 f6 35. Nh7 Bc5 36. a4 Be7 37. f3 a5 38. g4 hxg4 39. fxg4 g5 40. Kg2
Kd4 41. Kf3 Kc3 42. Ke4 Kxb3 43. Kf5 c5 44. Nxf6 Bxf6 45. Kxf6 c4 46. h4 c3 47.
h5 c2 48. h6 c1=Q 49. h7 Qc3+ 50. Kg6 Kxa4 51. Kxg5 Qg7+ 0-1

[Event "4NCL Division 4 South"]
[Site "Bedford, ENG"]
[Date "2019.01.13"]
[Round "4.112"]
[White "Tivillier, Jacques"]
[Black "Willis, Graham"]
[Result "1-0"]
[WhiteElo "1855"]
[BlackElo "1727"]
[PlyCount "49"]
[EventDate "2019.01.13"]
[WhiteTeam "Celtic Tigers 2"]
[BlackTeam "Oxford 4"]

1. e4 Nc6 2. Nf3 d6 3. Bb5 Bd7 4. c3 a6 5. Ba4 g6 6. d4 Bg7 7. O-O b5 8. Bb3
Na5 9. Bc2 e6 10. Bg5 Bf6 11. Bxf6 Qxf6 12. Nbd2 Ne7 13. e5 Qg7 14. Ne4 Nb7 15.
Nf6+ Kd8 16. a4 c6 17. axb5 cxb5 18. d5 exd5 19. Nxd5 Nc8 20. Nf6 Bc6 21. Nd4
Be8 22. Qf3 Kc7 23. Nxe8+ Rxe8 24. Qc6+ Kd8 25. Qxb7 1-0

[Event "4NCL Division 4 South"]
[Site "Bedford, ENG"]
[Date "2019.01.13"]
[Round "4.113"]
[White "Bush, Ian"]
[Black "Buttell, David"]
[Result "0-1"]
[WhiteElo "1780"]
[BlackElo "1915"]
[PlyCount "68"]
[EventDate "2019.01.13"]
[WhiteTeam "Oxford 4"]
[BlackTeam "Celtic Tigers 2"]

1. e4 c5 2. d4 cxd4 3. c3 dxc3 4. Nxc3 d6 5. Nf3 Nc6 6. Bc4 e6 7. O-O Be7 8.
Qe2 Nf6 9. Rd1 Qc7 10. Bf4 e5 11. Be3 Be6 12. Bxe6 fxe6 13. Qc4 Qd7 14. Ng5 Nd8
15. h3 h6 16. Nf3 Qc6 17. Qd3 O-O 18. Rac1 Qe8 19. Nb5 Qg6 20. Nxd6 Bxd6 21.
Qxd6 Nxe4 22. Qxe5 Rxf3 23. Rd4 Nf6 24. Qc7 Nd5 25. Qd6 Rf6 26. Rg4 Qf7 27. Bd4
Rg6 28. Rxg6 Qxg6 29. Re1 Qf7 30. Re4 Nc6 31. Bc5 Rd8 32. Qg3 b6 33. Ba3 Nce7
34. Qg4 Nf6 0-1

[Event "4NCL Division 4 South"]
[Site "Bedford, ENG"]
[Date "2019.01.13"]
[Round "4.116"]
[White "Donaldson, Wyatt Z D"]
[Black "Matilal, Tamal"]
[Result "1-0"]
[WhiteElo "1435"]
[BlackElo "1447"]
[PlyCount "121"]
[EventDate "2019.01.13"]
[WhiteTeam "Celtic Tigers 2"]
[BlackTeam "Oxford 4"]

1. e4 d6 2. d4 Nf6 3. Bd3 g6 4. Nf3 Bg4 5. h3 Bxf3 6. Qxf3 Nbd7 7. Nc3 c6 8.
Bf4 Bg7 9. e5 dxe5 10. dxe5 Nh5 11. e6 fxe6 12. Bh2 Nhf6 13. O-O-O O-O 14. Qe2
Qb6 15. Qxe6+ Kh8 16. f4 Nc5 17. Qc4 Rad8 18. Bg1 Nxd3+ 19. Rxd3 Qa5 20. Bd4
Qf5 21. Rf1 Qc8 22. g4 b6 23. g5 Ne8 24. Bxg7+ Nxg7 25. Rxd8 Rxd8 26. h4 c5 27.
Qe2 Qe6 28. Qf2 Nf5 29. h5 Nd4 30. Re1 Qf7 31. h6 Rf8 32. Re4 a6 33. Ne2 e5 34.
Nxd4 cxd4 35. Kb1 Qd5 36. Rxe5 Qxe5 37. a3 Rxf4 38. Qg2 Qe4 39. Qh3 Rf5 40. Qb3
Qd5 41. Qh3 Qf3 42. Qh2 Rf4 43. Qd2 Qf1+ 44. Ka2 Qc4+ 45. b3 Qf7 46. Qb4 Qc7
47. Qd2 b5 48. Qe2 Qf7 49. Qd3 Qf5 50. Qe2 Rf2 51. Qe8+ Qf8 52. Qe5+ Kg8 53.
Qd5+ Rf7 54. Qxd4 Qe7 55. Qd5 Qc7 56. Qa8+ Rf8 57. Qd5+ Qf7 58. Qc6 b4 59. axb4
Qe7 60. Qc3 Qxg5 61. Qg7# 1-0

[Event "4NCL Division 4 South"]
[Site "Bedford, ENG"]
[Date "2019.01.13"]
[Round "4.121"]
[White "Wolstenholme, Otis"]
[Black "Hurney, Kevin"]
[Result "0-1"]
[WhiteElo "1712"]
[BlackElo "2147"]
[PlyCount "82"]
[EventDate "2019.01.13"]
[WhiteTeam "Barnet Knights 2"]
[BlackTeam "Shropshire 2"]

1. c4 Nf6 2. g3 g6 3. Bg2 Bg7 4. Nc3 O-O 5. d3 c5 6. Nf3 Nc6 7. O-O d6 8. Bd2
a6 9. a3 Rb8 10. Rb1 b5 11. cxb5 axb5 12. e3 d5 13. Ne2 Bf5 14. Rc1 Qb6 15. d4
c4 16. Nf4 Rfd8 17. Nh4 Bg4 18. f3 Bc8 19. Nh3 e5 20. Bc3 Ne8 21. f4 exd4 22.
exd4 Nxd4 23. Kh1 Nf5 24. Nxf5 Bxf5 25. Qe1 Bxc3 26. bxc3 Nf6 27. Rf2 Re8 28.
Re2 Rxe2 29. Qxe2 Re8 30. Qb2 Qe3 31. Rf1 Bd3 32. Rf3 Qe1+ 33. Ng1 Ne4 34. Qxb5
Nxc3 35. Qb6 Qa1 36. Qf2 Re1 37. Re3 Ne2 38. Rxe2 Rxe2 39. Qc5 Rxg2 40. Qe3
Rxg1+ 41. Qxg1 Be4# 0-1

[Event "4NCL Division 4 South"]
[Site "Bedford, ENG"]
[Date "2019.01.13"]
[Round "4.122"]
[White "Paul, Nathanael"]
[Black "Vaidya, Raghav"]
[Result "1/2-1/2"]
[WhiteElo "2050"]
[BlackElo "1622"]
[PlyCount "68"]
[EventDate "2019.01.13"]
[WhiteTeam "Shropshire 2"]
[BlackTeam "Barnet Knights 2"]

1. e4 c5 2. a3 Nc6 3. b4 Nf6 4. b5 Nd4 5. c3 Ne6 6. e5 Nd5 7. Bc4 Ndc7 8. d4
cxd4 9. cxd4 Nxb5 10. Nf3 Nbc7 11. Be3 d5 12. Bd3 Bd7 13. Nc3 Bc6 14. O-O b6
15. Rc1 Qd7 16. a4 g6 17. Nb5 Bxb5 18. axb5 Nxb5 19. Qb3 Nbc7 20. h4 Bg7 21.
Nh2 f5 22. exf6 Bxf6 23. Nf3 Kf7 24. Ne5+ Bxe5 25. dxe5 Kg7 26. h5 d4 27. h6+
Kf8 28. Be4 Rb8 29. Bc6 Qc8 30. Bd2 Nc5 31. Qb1 N7e6 32. Bd5 Qd7 33. Ba2 Rc8
34. f4 d3 1/2-1/2

[Event "4NCL Division 4 South"]
[Site "Bedford, ENG"]
[Date "2019.01.13"]
[Round "4.123"]
[White "Karia, Kamlesh"]
[Black "Jamieson, Ian"]
[Result "0-1"]
[WhiteElo "1600"]
[BlackElo "2065"]
[PlyCount "72"]
[EventDate "2019.01.13"]
[WhiteTeam "Barnet Knights 2"]
[BlackTeam "Shropshire 2"]

1. e4 e6 2. d4 d5 3. exd5 exd5 4. Bd3 c5 5. dxc5 Bxc5 6. Qe2+ Be6 7. Nf3 Nf6 8.
O-O O-O 9. Bg5 Nc6 10. c3 Bg4 11. Qd1 Re8 12. Nbd2 h6 13. Bh4 g5 14. Bg3 Ne4
15. Qc2 f5 16. Bxe4 dxe4 17. h3 Bh5 18. Nd4 Bxd4 19. cxd4 Nxd4 20. Qc4+ Bf7 21.
Qb4 Nc2 22. Qxb7 Nxa1 23. Nxe4 fxe4 24. Rxa1 Qb6 25. Qd7 Rad8 26. Qf5 Bg6 27.
Qg4 Qxb2 28. Rd1 Rxd1+ 29. Qxd1 Qxa2 30. Qd6 Qe6 31. Qc7 a6 32. Kh2 e3 33. fxe3
Be4 34. Qa5 Bd5 35. Qd2 Qe4 36. Qf2 Rc8 0-1

[Event "4NCL Division 4 South"]
[Site "Bedford, ENG"]
[Date "2019.01.13"]
[Round "4.124"]
[White "Clarke, Neil"]
[Black "Sanfey, Gregor"]
[Result "1/2-1/2"]
[WhiteElo "1960"]
[BlackElo "1660"]
[PlyCount "75"]
[EventDate "2019.01.13"]
[WhiteTeam "Shropshire 2"]
[BlackTeam "Barnet Knights 2"]

1. d4 Nf6 2. Bf4 e6 3. e3 d5 4. Nd2 Bd6 5. Bg3 O-O 6. Bd3 c5 7. c3 Nc6 8. f4
Ne7 9. Qf3 Bd7 10. Bh4 Ng6 11. Bg5 cxd4 12. cxd4 Be7 13. Ne2 Ne8 14. Bxe7 Nxe7
15. O-O f5 16. Qh3 Rf6 17. g3 Rh6 18. Qg2 Nf6 19. h3 Qe8 20. Kf2 Qh5 21. Ng1
Ne4+ 22. Nxe4 dxe4 23. Be2 Qe8 24. g4 Bb5 25. g5 Rg6 26. h4 Bxe2 27. Nxe2 e5
28. fxe5 Qb5 29. Rab1 Rc8 30. Nc3 Qd3 31. Rfd1 Qc2+ 32. Kf1 Qxg2+ 33. Kxg2 h6
34. Kf2 hxg5 35. hxg5 Rxg5 36. Rg1 Rxg1 37. Rxg1 a6 38. a3 1/2-1/2

[Event "4NCL Division 4 South"]
[Site "Bedford, ENG"]
[Date "2019.01.13"]
[Round "4.125"]
[White "Ford, Conor"]
[Black "Bull, Philip"]
[Result "0-1"]
[WhiteElo "1532"]
[BlackElo "1952"]
[PlyCount "132"]
[EventDate "2019.01.13"]
[WhiteTeam "Barnet Knights 2"]
[BlackTeam "Shropshire 2"]

1. d4 d5 2. e3 e6 3. Bd3 f5 4. Nd2 Nf6 5. f4 Ng4 6. Qe2 c5 7. c3 c4 8. Bc2 Qh4+
9. g3 Qd8 10. Ngf3 Nc6 11. O-O Be7 12. Bd1 h5 13. h4 Bd7 14. Kg2 Rh6 15. Rh1
Qc7 16. Qe1 b5 17. Be2 Nxe3+ 18. Kg1 Nc2 19. Qd1 Nxa1 20. Nf1 Qa5 21. a3 Nb3
22. Be3 a6 23. Qe1 Qb6 24. Bd1 a5 25. Bxb3 cxb3 26. Qe2 b4 27. cxb4 axb4 28.
axb4 Qxb4 29. Kg2 Ra2 30. Bd2 Qa4 31. Qe1 Rxb2 32. Kh3 Bb4 33. Bxb4 Qxb4 34.
Qd1 Qc3 35. Rh2 Rxh2+ 36. Kxh2 Qc2+ 37. Qd2 Qxd2+ 38. N1xd2 b2 39. Kg2 Ke7 40.
Ne1 Nxd4 41. Kf2 Rh8 42. Ke3 Nb5 43. Kd3 Na3 44. Nc2 b1=Q 45. Nxb1 Nxb1 46. Nd4
Rc8 47. Ne2 Bb5+ 48. Ke3 Bxe2 49. Kxe2 Rc3 50. Kf2 d4 51. Ke2 Rxg3 52. Kd1 Rg2
53. Kc1 Rg1+ 54. Kc2 Na3+ 55. Kd2 Kd6 56. Kd3 Kd5 57. Kd2 Rg2+ 58. Kd3 Rg3+ 59.
Kd2 Nc4+ 60. Kd1 Rg2 61. Ke1 Ke4 62. Kd1 Ke3 63. Kc1 Kd3 64. Kb1 Kc3 65. Ka1
Kb3 66. Kb1 Rg1# 0-1

[Event "4NCL Division 4 South"]
[Site "Bedford, ENG"]
[Date "2019.01.13"]
[Round "4.131"]
[White "Usharovsky, Ron"]
[Black "Fletcher, John"]
[Result "0-1"]
[WhiteElo "1742"]
[BlackElo "1984"]
[PlyCount "150"]
[EventDate "2019.01.13"]
[WhiteTeam "Check Innmates 3"]
[BlackTeam "The Full Ponty"]

1. e4 c5 2. c3 Nf6 3. e5 Nd5 4. d4 cxd4 5. cxd4 d6 6. exd6 e6 7. Nc3 Bxd6 8.
Nxd5 exd5 9. Nf3 O-O 10. Be2 Nc6 11. O-O Bf5 12. a3 Re8 13. Be3 Rc8 14. Rc1 a6
15. Qa4 Be4 16. Rc3 Qf6 17. Rfc1 Ra8 18. Qd1 h6 19. Bd3 Qg6 20. Bxe4 Qxe4 21.
Qd3 f5 22. Qxe4 dxe4 23. Nh4 f4 24. Nf5 fxe3 25. Nxd6 exf2+ 26. Kxf2 Re6 27.
Nxb7 Nxd4 28. Nc5 Rf8+ 29. Ke3 Nf5+ 30. Ke2 Rg6 31. g3 e3 32. Nd3 Rgf6 33. Nf4
Nd4+ 34. Kd3 Rd6 35. Kxe3 g5 36. Rc8 gxf4+ 37. gxf4 Nf5+ 38. Ke4 Re6+ 39. Kd5
Re2 40. Rg1+ Kf7 41. Rxf8+ Kxf8 42. h3 Rxb2 43. Ke6 Ng7+ 44. Kd7 Kf7 45. Rd1
Rb3 46. Rd6 Rxh3 47. Rxa6 h5 48. a4 Ra3 49. Ra8 Ne8 50. Kc6 h4 51. Ra7+ Kg6 52.
Ra8 Nf6 53. Kb5 Rb3+ 54. Kc6 h3 55. Rh8 Nh5 56. Rg8+ Ng7 57. Rh8 Nh5 58. Rg8+
Kf6 59. Rh8 Nxf4 60. a5 Ra3 61. Kb5 Ng6 62. Rh5 Nf4 63. Rh8 Ne6 64. Kb6 Rb3+
65. Kc6 Rc3+ 66. Kb6 Nc7 67. a6 Nxa6 68. Kxa6 Kg5 69. Kb5 Kg4 70. Kb4 Rc2 71.
Kb3 Rc5 72. Rg8+ Rg5 73. Rc8 h2 74. Rc4+ Kh3 75. Rc1 Rg1 0-1

[Event "4NCL Division 4 South"]
[Site "Bedford, ENG"]
[Date "2019.01.13"]
[Round "4.132"]
[White "Adams, Mark"]
[Black "O'Byrne, Daniel"]
[Result "1-0"]
[WhiteElo "1963"]
[BlackElo "1742"]
[PlyCount "61"]
[EventDate "2019.01.13"]
[WhiteTeam "The Full Ponty"]
[BlackTeam "Check Innmates 3"]

1. e4 e6 2. d4 d5 3. Nc3 Bb4 4. e5 c5 5. Bd2 cxd4 6. Nb5 Bxd2+ 7. Qxd2 Nc6 8.
Nd6+ Kf8 9. f4 Qa5 10. Qxa5 Nxa5 11. Nf3 Nc6 12. O-O-O f6 13. Bb5 a6 14. Bxc6
bxc6 15. Nxd4 Bd7 16. Nb7 Ke7 17. Rhe1 f5 18. Re3 Nh6 19. h3 Rhg8 20. Rc3 Rgc8
21. Nc5 Nf7 22. g4 fxg4 23. hxg4 g6 24. Re1 g5 25. f5 exf5 26. Nxd7 Rc7 27.
Nxf5+ Kxd7 28. e6+ Ke8 29. exf7+ Kxf7 30. Rh3 Kg8 31. Rh5 1-0

[Event "4NCL Division 4 South"]
[Site "Bedford, ENG"]
[Date "2019.01.13"]
[Round "4.133"]
[White "Cook, Brian"]
[Black "Hughes, Anthony"]
[Result "0-1"]
[WhiteElo "1635"]
[BlackElo "1906"]
[PlyCount "94"]
[EventDate "2019.01.13"]
[WhiteTeam "Check Innmates 3"]
[BlackTeam "The Full Ponty"]

1. Nc3 c5 2. e4 Nc6 3. Bc4 e6 4. f4 d6 5. Nf3 g6 6. d3 Bg7 7. O-O Nge7 8. Kh1
Nd4 9. Ne2 Nec6 10. c3 Nxe2 11. Qxe2 Qe7 12. Bd2 Bd7 13. Rae1 Na5 14. d4 Nxc4
15. Qxc4 a6 16. Qb3 O-O-O 17. dxc5 dxc5 18. Be3 Kb8 19. Qb6 Rc8 20. Rd1 Bb5 21.
Rf2 Rc6 22. Qa5 b6 23. Qa3 Rd8 24. Rfd2 Rcd6 25. Rxd6 Rxd6 26. Qb3 Bc4 27. Rxd6
Bxb3 28. Rxb6+ Kc7 29. Rxb3 Qd7 30. Bxc5 Qa4 31. Nd2 e5 32. g3 exf4 33. gxf4
Qxa2 34. Kg2 Bh6 35. Be3 Qa1 36. c4 Qd1 37. Kf2 Qh1 38. Kg3 Qe1+ 39. Kg4 Qd1+
40. Kg3 Qe1+ 41. Kg4 Bg7 42. e5 Qd1+ 43. Kg3 h5 44. Rb6 Qe1+ 45. Kf3 Qh1+ 46.
Kg3 h4+ 47. Kxh4 Qe1+ 0-1

[Event "4NCL Division 4 South"]
[Site "Bedford, ENG"]
[Date "2019.01.13"]
[Round "4.134"]
[White "Perrett, David C"]
[Black "Usharovsky, Tom"]
[Result "1/2-1/2"]
[WhiteElo "1939"]
[BlackElo "1630"]
[PlyCount "54"]
[EventDate "2019.01.13"]
[WhiteTeam "The Full Ponty"]
[BlackTeam "Check Innmates 3"]

1. d4 d5 2. Bg5 h6 3. Bf4 Nf6 4. e3 e6 5. Nf3 Be7 6. c4 O-O 7. Nc3 b6 8. cxd5
exd5 9. Ne5 Bb7 10. Be2 Nbd7 11. Nd3 c5 12. O-O Re8 13. Nb5 Rf8 14. Nd6 Bc6 15.
Rc1 a5 16. Ne5 Nxe5 17. dxe5 Bxd6 18. exd6 Qd7 19. Bf3 Rfe8 20. Qc2 g5 21. Bg3
g4 22. Be2 Nh5 23. Qb3 Rab8 24. Qc3 d4 25. Qd2 Nxg3 26. hxg3 Qxd6 27. Bxg4 Qg6
1/2-1/2

[Event "4NCL Division 4 South"]
[Site "Bedford, ENG"]
[Date "2019.01.13"]
[Round "4.135"]
[White "Arora, Tashika"]
[Black "Davies, Peter"]
[Result "0-1"]
[WhiteElo "1374"]
[BlackElo "1942"]
[PlyCount "84"]
[EventDate "2019.01.13"]
[WhiteTeam "Check Innmates 3"]
[BlackTeam "The Full Ponty"]

1. d4 Nf6 2. Nf3 e6 3. Bf4 Be7 4. e3 b6 5. Be2 Bb7 6. O-O Nh5 7. Bg3 O-O 8. c4
d6 9. Nc3 Nd7 10. Rc1 Nxg3 11. hxg3 c5 12. d5 e5 13. e4 g6 14. a3 Nf6 15. b4
Ne8 16. bxc5 bxc5 17. Rb1 Bc8 18. Qd2 Ng7 19. Rb2 f5 20. Rfb1 f4 21. gxf4 Rxf4
22. Bd1 Ba6 23. Qd3 Rf8 24. Ba4 Nh5 25. Ne2 Qc7 26. Bc6 Rab8 27. Rb3 Bf6 28.
Bb5 $11 Bc8 29. Bc6 Rxb3 30. Rxb3 g5 31. Nc3 Nf4 32. Qe3 g4 33. Nh2 a6 34. Qg3
$11 Qg7 35. Qe3 Bg5 36. Qg3 $11 h5 37. f3 h4 38. Qe1 Nd3 39. Qb1 Be3+ 40. Kh1
Nf2+ 41. Kg1 Nxe4+ 42. Kh1 Ng3# 0-1

[Event "4NCL Division 4 South"]
[Site "Bedford, ENG"]
[Date "2019.01.13"]
[Round "4.141"]
[White "Cannon, Richard J"]
[Black "Leadbetter, Scott"]
[Result "0-1"]
[WhiteElo "2035"]
[BlackElo "1735"]
[PlyCount "66"]
[EventDate "2019.01.13"]
[WhiteTeam "Rook & Roll"]
[BlackTeam "Crowthorne 2"]

1. e4 d5 2. Nc3 d4 3. Nce2 c5 4. Ng3 Nc6 5. Nf3 e5 6. Bc4 h6 7. d3 Bd6 8. a4
Be6 9. Nd2 Nge7 10. Nh5 Rg8 11. Bxe6 fxe6 12. Nc4 Ng6 13. Qg4 Kf7 14. Qf3+ Ke7
15. Qg4 Qe8 16. O-O Qf7 17. f4 Raf8 18. Nxd6 Kxd6 19. fxe5+ Ngxe5 20. Rxf7 Nxg4
21. Rxg7 Rxg7 22. Nxg7 Nb4 23. Bd2 Nxc2 24. Rc1 Nce3 25. b4 b6 26. bxc5+ bxc5
27. h3 Ne5 28. Ba5 Nxd3 29. Rb1 Rf7 30. Ne8+ Kc6 31. Rb8 Rf2 32. Rc8+ Kd7 33.
Nf6+ Kxc8 0-1

[Event "4NCL Division 4 South"]
[Site "Bedford, ENG"]
[Date "2019.01.13"]
[Round "4.142"]
[White "Kirby, Andrew"]
[Black "Kamath, Vikram"]
[Result "1/2-1/2"]
[WhiteElo "1633"]
[BlackElo "1823"]
[PlyCount "57"]
[EventDate "2019.01.13"]
[WhiteTeam "Crowthorne 2"]
[BlackTeam "Rook & Roll"]

1. c4 e5 2. Nc3 Bb4 3. e3 Bxc3 4. bxc3 Nc6 5. Be2 f5 6. d4 Nge7 7. Nf3 exd4 8.
cxd4 Ng6 9. d5 Nce5 10. Nxe5 Nxe5 11. Bb2 Qe7 12. Qd4 d6 13. f4 c5 14. Bh5+ g6
15. Qd1 Nf7 16. Bxh8 Nxh8 17. Bf3 Qxe3+ 18. Qe2 Qxe2+ 19. Kxe2 Bd7 20. Rhe1 b5
21. Kd3+ Kf8 22. Rab1 b4 23. a3 a5 24. Re3 Nf7 25. Rbe1 Re8 26. h4 Rxe3+ 27.
Rxe3 h5 28. Kc2 a4 29. g3 1/2-1/2

[Event "4NCL Division 4 South"]
[Site "Bedford, ENG"]
[Date "2019.01.13"]
[Round "4.143"]
[White "Aubury, Benjamin"]
[Black "Love, James"]
[Result "1-0"]
[WhiteElo "1688"]
[BlackElo "1622"]
[PlyCount "109"]
[EventDate "2019.01.13"]
[WhiteTeam "Rook & Roll"]
[BlackTeam "Crowthorne 2"]

1. d4 d5 2. c4 c6 3. Nf3 Nf6 4. e3 e6 5. b3 Ne4 6. Nbd2 Bb4 7. a3 Qa5 8. Bd3
Bc3 9. Rb1 Bxd2+ 10. Bxd2 Nxd2 11. Qxd2 Qxd2+ 12. Nxd2 O-O 13. c5 Nd7 14. f4 f6
15. O-O f5 16. b4 Nf6 17. Nf3 Bd7 18. a4 Ne4 19. Bxe4 fxe4 $11 20. Ne5 Be8 21.
b5 g6 22. bxc6 Bxc6 23. a5 a6 24. Rb6 Rfc8 25. g4 Ra7 26. Rfb1 Kg7 27. Nxc6
Rxc6 28. Rxc6 bxc6 29. Rb6 Kf6 30. Rxc6 g5 31. fxg5+ Kxg5 32. h3 Kh4 33. Kg2
Rb7 34. Rb6 Rf7 35. Rxe6 h6 36. Rxh6+ Kg5 37. Rh5+ Kg6 38. Rf5 Rb7 39. Rxd5
Rb2+ 40. Kg3 Kh7 41. c6 Rb8 42. c7 Rc8 43. Rc5 Kh8 44. Kf4 Kh7 45. Kxe4 Kg6 46.
Kd5 Kg5 47. Kd6+ Kh4 48. Kd7 Rb8 49. Rh5+ Kg3 50. cxb8=Q+ Kf2 51. Qf4+ Ke2 52.
Qe4 Kd2 53. Rc5 Ke2 54. Rc2+ Ke1 55. Qh1# 1-0

[Event "4NCL Division 4 South"]
[Site "Bedford, ENG"]
[Date "2019.01.13"]
[Round "4.144"]
[White "Haslehurst, Harriet"]
[Black "Sheikh, Anum"]
[Result "1-0"]
[WhiteElo "1479"]
[BlackElo "1600"]
[PlyCount "75"]
[EventDate "2019.01.13"]
[WhiteTeam "Crowthorne 2"]
[BlackTeam "Rook & Roll"]

1. d4 f5 2. Nf3 Nf6 3. c4 d6 4. Nc3 g6 5. e3 Bg7 6. Be2 O-O 7. O-O Qe8 8. b4 c5
9. Nb5 Na6 10. a3 Ne4 11. Bb2 g5 12. Nd2 Nxd2 13. Qxd2 Qg6 14. f4 g4 15. Bd3 b6
16. Rae1 Bb7 17. d5 Bxb2 18. Qxb2 Qg7 19. Qb1 Bc8 20. e4 fxe4 21. Bxe4 Rf7 22.
g3 Bd7 23. bxc5 Nxc5 24. Bg2 Bf5 25. Qd1 Bd3 26. Rf2 Bxc4 27. Nd4 Nd3 28. Ne6
$11 Nxf2 29. Kxf2 Qb2+ 30. Kg1 h5 31. Ng5 Rg7 32. Ne6 Rf7 33. Ng5 Rg7 34. Ne6
Rc8 35. Nxg7 Qxg7 36. Qd2 Bb3 37. Qe3 Ba4 $11 38. Qe6+ 1-0